Eurovision Song Contest winners by country - Statistics

General Stats
  • This quiz has been taken 415 times
    322 since last reset
  • The average score is 63 of 65
Answer Stats
Hint Answer % Correct
1966 Udo Jurgens - Merci, Cherie Austria
100%
2014 Conchita Wurst - Rise Like a Phoenix Austria
100%
1974 ABBA - Waterloo Sweden
100%
1984 Herreys - Diggi-Loo-Diggi-Ley Sweden
100%
1991 Carola - Fangad av en stormvind Sweden
100%
1999 Charlotte Nilsson - Take Me To Your Heaven Sweden
100%
2012 Loreen - Euphoria Sweden
100%
2015 Måns Zelmerlöw - Heroes Sweden
100%
1963 Grethe and Jorgen Ingmann - Dansevise Denmark
99%
2000 Olsen Brothers - Fly on the Wings of Love Denmark
99%
2013 Emmelie de Forest - Only Teardrops Denmark
99%
2006 Lordi - Hard Rock Hallelujah Finland
99%
1958 Andre Claveau - Dors, mon amour France
99%
1960 Jacqueline Boyer - Tom Pillibi France
99%
1962 Isabelle Aubret - Un premier amour France
99%
1969 Frida Bocarra - Un jour, un enfant France
99%
1977 Marie Myriam - L'oiseau et l'enfant France
99%
1982 Nicole - Ein bisschen Frieden Germany
99%
2010 Lena - Satellite Germany
99%
1970 Dana - All Kinds of Everything Ireland
99%
1980 Johnny Logan - What's Another Year Ireland
99%
1987 Johnny Logan - Hold Me Now Ireland
99%
1992 Linda Martin - Why Me? Ireland
99%
1993 Niamh Kavanagh - In Your Eyes Ireland
99%
1994 Paul Harrington & Charlie McGettigan - Rock'n'roll Kids Ireland
99%
1996 Eimear Quinn - The Voice Ireland
99%
1985 Bobbysocks! - La det swinge! Norway
99%
1995 Secret Garden - Nocturne Norway
99%
2009 Alexander Rybak - Fairytale Norway
99%
1968 Massiel - La, la, la Spain
99%
1969 Salome - Vivo cantando Spain
99%
1956 Lys Assia - Refrain Switzerland
99%
1988 Celine Dion - Ne partez pas sans moi Switzerland
99%
2008 Dima Bilan - Believe Russia
98%
1986 Sandra Kim - J'aime la vie Belgium
97%
1964 Gigliola Cinquetti - Non ho l'eta Italy
97%
1990 Toto Cutugno - Insieme: 1992 Italy
97%
1961 Jean-Claude Pascal - Nous les amoreux Luxembourg
97%
1965 France Gall - Poupee de cire, poupee de son Luxembourg
97%
1972 Vicky Leandros - Apres toi Luxembourg
97%
1973 Anne-Marie David - Tu te reconnaitras Luxembourg
97%
1983 Corinne Hermes - Si la vie est cadeau Luxembourg
97%
1957 Corry Brokken - Net als toen Netherlands
97%
1959 Teddy Scholten - Een beetje Netherlands
97%
1969 Lenny Kurh - De troubadour Netherlands
97%
1975 Teach-In - Ding-a-dong Netherlands
97%
2007 Marija Serifovic - Molitva Serbia
97%
2004 Ruslana - Wild Dances Ukraine
97%
2016 Jamala - 1944 Ukraine
97%
2011 Ell/Nikki - Running Scared Azerbaijan
96%
2005 Helena Paparizou - My Number One Greece
96%
1978 Izhar Cohen & the Alphabeta - A-Ba-Ni-Bi Israel
96%
1979 Gali Atari & Milk and Honey - Hallelujah Israel
96%
1998 Dana International - Diva Israel
96%
1967 Sandie Shaw - Puppet on a String United Kingdom
96%
1969 Lulu - Boom-Bang-A-Bang United Kingdom
96%
1976 Brotherhood of Man - Save Your Kisses For Me United Kingdom
96%
1981 Bucks Fizz - Making Your Mind Up United Kingdom
96%
1997 Katrina and the Waves - Love Shine A Light United Kingdom
96%
2001 Tanel Padar, Dave Benton & 2XL - Everybody Estonia
95%
2003 Sertab Erener - Everyway That I Can Turkey
95%
2002 Marie N - I Wanna Latvia
94%
1971 Severine - Un banc, un arbre, une rue Monaco
94%
1989 Riva - Rock Me Yugoslavia
92%
2017 Salvador Sobral - Amar pelos dois Portugal
60%
No matching quizzes found
Score Distribution
Percent of People with Each Score
Percentile by Number Answered
Your Score History
You have not taken this quiz since the last reset